AP Gov SCOTUS Court Cases Unit 1 through 3 - Statistics

General Stats
  • This quiz has been taken 223 times
  • The average score is 9 of 12
Answer Stats
Hint Answer % Correct
Which court case estbalished the power of judicial review when the court said the Judiciary Act of 1789 is unconstitutional when a government worker was denied a commission to a job? Marbury v Madison
94%
Which court case said students wearing black armbands protesting Vietnam War is protected free speech under the 1st amendment for students if they are not being disruptive at school? Tinker v Des Moines
83%
Which court case ruled that congress exceeded its power using the commerce clause stating the Gun Free School Zone Act is unconstitutional? US v Lopez
81%
Which court case dealt with the apportionment where the state of Tennessee drew voting districts that had unequal populations which violated the equal protection clause? Baker v Carr
79%
Which court case said racial gerrymandering is unconstitutional because it violates the equal protection clause? Shaw v Reno
79%
Which court case said school led prayer at school violates the establishment clause because the district was trying establish/promote a religion on their students? Engel v Vitale
78%
Which court case ruled that a US state cannot tax a national bank created by bank because it violates the supremacy clause and necessary and proper clause Mcculloch v Maryland
78%
Which court case said forcing Amish kids to attend school past 8th grade violates the free exercise clause? Wisconsin v Yoder
76%
Which court case used selective incorporation to apply the 2nd amendments right to bear arms for a man wanting to purchase a handgun in an area where they were banned? 20 s McDonald v Chicago
75%
Which court case said handing out anti-draft pamphlets during WWI is not protected free speech under the first amendment when it poses a clear and present danger. This action also violated the Espionage Act Schenck v US
75%
Which court case dealt with freedom of the press stating the government cannot use prior restraint or stop a newspaper from preventing a newstory that might cause harm to the government? New York Times v US
68%
police cannot use evidence in trial collected illegally exclusionary rule
34%
No matching quizzes found
Score Distribution
Percent of People with Each Score
Percentile by Number Answered
Your Score History
You have not taken this quiz